[Event "HUN-chT2 Szechenyi 1011"]
[Site "Hungary"]
[Date "2011.05.15"]
[Round "11.10"]
[White "Gergacz, Daniel"]
[Black "Szabo, Dorina"]
[Result "1/2-1/2"]
[WhiteElo "1859"]
[BlackElo "1722"]
[PlyCount "93"]
[EventDate "2010.09.12"]
[EventType "team-tourn"]
[EventRounds "11"]
[EventCountry "HUN"]
[SourceTitle "EXT 2012"]
[Source "ChessBase"]
[SourceDate "2011.11.24"]
[SourceVersion "1"]
[SourceVersionDate "2011.11.24"]
[SourceQuality "1"]
[WhiteTeam "Sarvar"]
[BlackTeam "Tapolca"]
[WhiteTeamCountry "HUN"]
[BlackTeamCountry "HUN"]

1. e4 e5 2. Nf3 Nf6 3. d4 Nxe4 4. Nxe5 d5 5. Bd3 Nf6 6. 0-0 Be7 7. c3 0-0 8. Bg5 Nbd7 9. Re1 Re8 10. Nd2 Nxe5 11. dxe5 Ng4 12. Bxe7 Rxe7 13. h3 Nh6 14. Qh5 Qf8 15. g4 g6 16. Qh4 Re8 17. Nf3 c5 18. b3 Qg7 19. Rad1 Be6 20. Ng5 Rac8 21. c4 Red8 22. cxd5 Bxd5 23. Bc4 Bxc4 24. bxc4 Rd4 25. Rxd4 cxd4 26. e6 fxe6 27. Nxe6 Qf7 28. Nxd4 Qxc4 29. Qxh6 Qxd4 30. Qe3 Qxe3 31. Rxe3 Rc7 32. Kg2 Kf7 33. Kg3 Re7 34. Rb3 Ke6 35. Re3+ Kd6 36. Rxe7 Kxe7 37. Kf4 Kf6 38. Ke4 Ke6 39. f4 h6 40. Kd4 h5 41. a4 hxg4 42. hxg4 Kd6 43. Kc4 Kc6 44. a5 b6 45. axb6 axb6 46. Kb4 Kd5 47. f5 1/2-1/2

[Event "HUN-chT2 Charousek 1011"]
[Site "Hungary"]
[Date "2011.03.27"]
[Round "7"]
[White "Havanecz, Bianka"]
[Black "Szabo, Dorina"]
[Result "1-0"]
[WhiteElo "1948"]
[BlackElo "1722"]
[PlyCount "131"]
[EventDate "2010.09.12"]
[EventType "team-tourn"]
[EventRounds "11"]
[EventCountry "HUN"]
[SourceTitle "EXT 2012"]
[Source "ChessBase"]
[SourceDate "2011.11.24"]
[SourceVersion "1"]
[SourceVersionDate "2011.11.24"]
[SourceQuality "1"]
[WhiteTeam "Aquaprofit II"]
[BlackTeam "Tapolca"]
[WhiteTeamCountry "HUN"]
[BlackTeamCountry "HUN"]

1. d4 d5 2. c4 dxc4 3. Nc3 Nf6 4. e4 e6 5. Bxc4 Be7 6. Nf3 a6 7. a4 b6 8. 0-0 0-0 9. Bf4 Bb7 10. Qc2 Nbd7 11. Rfd1 Qc8 12. h3 c5 13. d5 exd5 14. exd5 Ne8 15. Ne4 Nef6 16. Ng3 Bd8 17. Ng5 h6 18. N5e4 Nxe4 19. Nxe4 Nf6 20. Ra3 Qf5 21. Nxf6+ Qxf6 22. Rf3 Bc8 23. Bg3 Qe7 24. Qc3 Qd7 25. Bb3 Bf6 26. Be5 Bxe5 27. Qxe5 Ra7 28. Rg3 g6 29. h4 Qf5 30. Qd6 Rb7 31. Re1 Qd7 32. Qf4 Kh7 33. Re5 Qd6 34. h5 Re8 35. hxg6+ fxg6 36. Rge3 Rxe5 37. Rxe5 Re7 38. Rxe7+ Qxe7 39. d6 Qe8 40. Bf7 Qe1+ 41. Kh2 Qe2 42. b3 Kg7 43. Bc4 Qh5+ 44. Kg3 Qf5 45. Qxf5 Bxf5 46. Bxa6 Kf6 47. f4 Bd7 48. Bc4 Be6 49. Bxe6 Kxe6 50. Kg4 Kxd6 51. f5 gxf5+ 52. Kxf5 Kc6 53. Kg6 b5 54. axb5+ Kxb5 55. Kxh6 Kb4 56. g4 Kxb3 57. g5 c4 58. g6 c3 59. g7 c2 60. g8Q+ Kb2 61. Qg7+ Kb1 62. Qb7+ Ka2 63. Qc6 Kb2 64. Qb5+ Kc3 65. Qa5+ Kb3 66. Qa1 1-0

[Event "HUN-chT2 Szechenyi 0910"]
[Site "Hungary"]
[Date "2010.03.21"]
[Round "8.11"]
[White "Szabo, Dorina"]
[Black "Kiss, Laszlo"]
[Result "0-1"]
[WhiteElo "1716"]
[BlackElo "1678"]
[PlyCount "84"]
[EventDate "2009.11.08"]
[EventType "team-tourn"]
[EventRounds "11"]
[EventCountry "HUN"]
[SourceTitle "EXT 2011"]
[Source "ChessBase"]
[SourceDate "2010.11.26"]
[SourceVersion "1"]
[SourceVersionDate "2010.11.26"]
[SourceQuality "1"]
[WhiteTeam "Tapolca Szeremley"]
[BlackTeam "Arboretum"]
[WhiteTeamCountry "HUN"]
[BlackTeamCountry "HUN"]

1. e4 Nc6 2. d4 d5 3. e5 e6 4. Be3 Nge7 5. Bd3 Nb4 6. c3 Nxd3+ 7. Qxd3 Nf5 8. Nd2 Be7 9. Ne2 0-0 10. g4 Nh4 11. 0-0-0 a5 12. f4 b6 13. Nf1 Ba6 14. Qd2 b5 15. Bf2 b4 16. Bxh4 Bxh4 17. cxb4 axb4 18. g5 c5 19. Ng1 h6 20. Nf3 hxg5 21. fxg5 cxd4 22. Nxh4 Qc7+ 23. Kb1 Qxe5 24. Ng3 d3 25. Nf3 Qd6 26. Ne1 b3 27. a3 Rfc8 28. Rc1 Rc2 29. Rxc2 dxc2+ 30. Kc1 Bc4 31. Nd3 Rxa3 32. Qf4 Qxf4+ 33. Nxf4 Ra2 34. Ng2 d4 35. Nf4 Ra1+ 36. Kd2 Rb1 37. Rc1 Rxb2 38. Nfe2 e5 39. Ne4 Rb1 40. N2g3 Bd5 41. Nc5 Bf3 42. Na4 b2 0-1